Рекомендации для расчёта трансформатора с короткозамкнутой кольцевой вторичной обмоткой; Известия Томского политехнического университета [Известия ТПУ]; Т. 319, № 4 : Энергетика
| Parent link: | Известия Томского политехнического университета [Известия ТПУ]/ Томский политехнический университет (ТПУ).— , 2000- Т. 319, № 4 : Энергетика.— 2011.— [С. 79-84] |
|---|---|
| Autor principal: | |
| Altres autors: | |
| Sumari: | Заглавие с титульного листа Электронная версия печатной публикации Представлена конструкция нагревательного элемента трансформаторного типа с короткозамкнутой кольцевой вторичной обмоткой. Описаны особенности электромагнитного и теплового расчётов этого устройства. Приведены результаты проектирования трансформатора мощностью 25 кВт. Установлено, что в качестве материала вторичной обмотки целесообразно использовать алюминиевый сплав АМГ5М. С использованием метода планирования эксперимента даны рекомендации для проектирования трансформаторов минимальной стоимости мощностью от 10 до 160 кВт. |
| Idioma: | rus |
| Publicat: |
2011
|
| Col·lecció: | Энергетика |
| Matèries: | |
| Accés en línia: | http://www.lib.tpu.ru/fulltext/v/Bulletin_TPU/2011/v319/i4/17.pdf |
| Format: | MixedMaterials Electrònic Capítol de llibre |
| KOHA link: | https://koha.lib.tpu.ru/cgi-bin/koha/opac-detail.pl?biblionumber=205952 |
MARC
| LEADER | 00000nla2a2200000 4500 | ||
|---|---|---|---|
| 001 | 205952 | ||
| 005 | 20231031190555.0 | ||
| 035 | |a (RuTPU)RU\TPU\book\224492 | ||
| 035 | |a RU\TPU\book\224491 | ||
| 090 | |a 205952 | ||
| 100 | |a 20111221d2011 k y0rusy50 ca | ||
| 101 | 0 | |a rus | |
| 102 | |a RU | ||
| 135 | |a drnn ---uucaa | ||
| 181 | 0 | |a i | |
| 182 | 0 | |a b | |
| 200 | 1 | |a Рекомендации для расчёта трансформатора с короткозамкнутой кольцевой вторичной обмоткой |b Электронный ресурс |f А. В. Сериков, В. М. Кузьмин | |
| 203 | |a Текст |c электронный | ||
| 215 | |a 1 файл (240 Кб) | ||
| 225 | 1 | |a Энергетика | |
| 230 | |a Электронные текстовые данные (1 файл : 240 Кб) | ||
| 300 | |a Заглавие с титульного листа | ||
| 300 | |a Электронная версия печатной публикации | ||
| 320 | |a [Библиогр.: с. 84 (8 назв.)] | ||
| 330 | |a Представлена конструкция нагревательного элемента трансформаторного типа с короткозамкнутой кольцевой вторичной обмоткой. Описаны особенности электромагнитного и теплового расчётов этого устройства. Приведены результаты проектирования трансформатора мощностью 25 кВт. Установлено, что в качестве материала вторичной обмотки целесообразно использовать алюминиевый сплав АМГ5М. С использованием метода планирования эксперимента даны рекомендации для проектирования трансформаторов минимальной стоимости мощностью от 10 до 160 кВт. | ||
| 337 | |a Adobe Reader | ||
| 461 | 1 | |0 (RuTPU)RU\TPU\book\176237 |t Известия Томского политехнического университета [Известия ТПУ] |f Томский политехнический университет (ТПУ) |d 2000- | |
| 463 | 1 | |0 (RuTPU)RU\TPU\book\224153 |x 1684-8519 |t Т. 319, № 4 : Энергетика |v [С. 79-84] |d 2011 |p 190 с. | |
| 610 | 1 | |a нагревательные элементы | |
| 610 | 1 | |a электромагнитные расчеты | |
| 610 | 1 | |a тепловые расчеты | |
| 610 | 1 | |a планирование эксперимента | |
| 610 | 1 | |a трансформаторы | |
| 610 | 1 | |a вторичная обмотка | |
| 610 | 1 | |a электронный ресурс | |
| 700 | 1 | |a Сериков |b А. В. | |
| 701 | 1 | |a Кузьмин |b В. М. | |
| 801 | 1 | |a RU |b 63413507 |c 20090623 |g PSBO | |
| 801 | 2 | |a RU |b 63413507 |c 20211229 |g PSBO | |
| 856 | 4 | |u http://www.lib.tpu.ru/fulltext/v/Bulletin_TPU/2011/v319/i4/17.pdf | |
| 942 | |c CF | ||